| 000 | 00554nam a2200193Ia 4500 | ||
|---|---|---|---|
| 005 | 20250326141628.0 | ||
| 008 | 250326s9999 xx 000 0 und d | ||
| 020 | _a81-7023-318-6 | ||
| 037 | _aTextbook | ||
| 040 |
_aFMSL _beng _cFMSL |
||
| 041 |
_aeng _2eng |
||
| 084 |
_aX:89T N1 _qFMSL |
||
| 100 |
_aMohindra M G S _9744801 |
||
| 245 | 0 |
_aMaterials management & the challenge of productivity _cMohindra M G S |
|
| 260 |
_aNew Delhi _bNew Delhi, Allied _c1991 |
||
| 300 | _a168p | ||
| 942 |
_cTB _hX:89T N1 |
||
| 999 |
_c1291212 _d1291212 |
||